Full-Color Fruits and Flowers Illustrations : CD-Rom and Book, 305 different copyright-Free Design

Bibliographic Details
Format: Book
Published: New York : Dover Publications , 2000
Subjects:

MARC

LEADER 00000cam a2200000 7i4500
001 0000012985
005 20050419.0
020 |a 0486999718 
040 |a INS 
090 0 0 |a N7680.   |b F957 2000 
245 1 0 |a Full-Color Fruits and Flowers Illustrations :   |b CD-Rom and Book, 305 different copyright-Free Design 
260 |a New York :   |b Dover Publications ,   |c 2000 
300 |a 24p :   |b 31cm 
650 0 0 |a Fruits in art   |x Flowers in art 
999 |a 0000012012   |b BOOK   |c Open Shelf   |e Default branch